000 01083cam a22003377a 4500
003 CHAP
005 20220329135208.0
008 971013s1965 r 00010 d
010 _a32447
011 _a33419
035 _a37534
040 _cCHAP
090 _aTesis
100 0 0 _aCuanalo de la Cerda, Heriberto E.
_929925
245 1 4 _aLos grandes grupos de suelos de la zona de Tuxtepec, Oax.
260 _aChapingo, Méx. :
_bEl autor,
_c1965
300 _a11 p.
_b: ilus.
502 _aTesis (M.C. Agrícola Esp. en Suelos) -- ENA. CP.
590 _aALEPH
_b10
_c20130110
_lUCH01
_h1256
590 _aBATCH-UPD
_b10
_c20130110
_lUCH01
_h1850
590 _aBATCH-UPD
_b10
_c20130410
_lUCH01
_h1220
590 _aBATCH-UPD
_b10
_c20130914
_lUCH01
_h2037
590 _aCONVERSION
_b10
_c20130109
_lUCH01
_h1318
650 1 4 _aSuelos
_xClasificación.
_9110239
650 1 4 _aSuelos
_xOaxaca.
_9110454
901 _aBK
942 _cFOLL
949 _bBC
_cTES
_d-86058
_eTS1
_i37534
_si
949 _bBC
_cTES
_d-86059
_eTS2
_fc.2
_i37534
_si
949 _bBC
_cTES
_d-86061
_eTS2
_fc.3
_i37534
_si
999 _c32447
_d32447